logo

Bir Sreshtho Munshi Abdur Rouf Library
Jhenaidah Cadet College

Weapons of math destruction : (Record no. 14397)

MARC details
000 -LEADER
fixed length control field 00704nam a2200217 a 4500
001 - CONTROL NUMBER
JCCL Control Number 14397
003 - CONTROL NUMBER IDENTIFIER
JCCL marc code BD-JhCC
005 - DATE AND TIME OF LATEST TRANSACTION
control field 20250909085543.0
008 - FIXED-LENGTH DATA ELEMENTS--GENERAL INFORMATION
fixed length control field 250909b 2016nyu |||| ||a| 001 0 eng d
020 ## - INTERNATIONAL STANDARD BOOK NUMBER
International Standard Book Number 9780553418811
035 ## - SYSTEM CONTROL NUMBER
system control number (BD-JhCC)14397
040 ## - CATALOGING SOURCE
Original cataloging agency BD-JhCC
Modifying agency BD-JhCC
041 ## - LANGUAGE CODE
Language code of Book english
082 ## - DEWEY DECIMAL CLASSIFICATION NUMBER
Classification number 324.0285
Author mark and Year NEI 2016
100 ## - MAIN ENTRY--PERSONAL NAME
Personal name O'Neil ,Cathy
245 ## - TITLE STATEMENT
Title Weapons of math destruction :
Remainder of title how big data increases inequality and threatens democracy /
Statement of responsibility, etc Cathy O'Neil.
260 ## - PUBLICATION, DISTRIBUTION, ETC. (IMPRINT)
Place of publication, distribution, etc London:
Name of publisher, distributor, etc Crown;
Date of publication, distribution, etc 2016.
300 ## - PHYSICAL DESCRIPTION
Pagination x, 259 p. :
Dimensions 22 cm
650 ## - SUBJECT ADDED ENTRY--TOPICAL TERM
Topical term or geographic name as entry element BUSINESS & ECONOMICS Statistics
General subdivision Big data Political aspects
Chronological subdivision Big data Political aspects United States
942 ## - ADDED ENTRY ELEMENTS (KOHA)
Source of classification or shelving scheme Dewey Decimal Classification
Koha item type Books
Holdings
Source of classification or shelving scheme Damaged status Not for loan Collection code Home library Current library Shelving location Date of accession Cost, normal purchase price Total Checkouts Full call number Barcode Checked out Date last seen Date checked out Copy number Method of acquisition Koha item type Currency
Dewey Decimal Classification     Non-fiction JCC Rouf Library JCC Rouf Library General Stacks   1119.00 2 324.0285 NEI 2016 20233 02/15/2026 01/21/2026 01/21/2026 C-1 Purchase Books BDT
Dewey Decimal Classification     Non-fiction JCC Rouf Library JCC Rouf Library General Stacks   1119.00 1 324.0285 NEI 2016 20234   01/26/2026 11/03/2025 C-2 Purchase Books BDT

JCC Library | Contacts | JCC Home

Last Update on 23 September 2017
Copyright @ 2017-2020 JCC Rouf Library
Rouf Library, Jhenidah Cadet College (JCC), Bangladesh